000 00309nam a22001217a 4500
999 _c15396
_d15396
020 _a9789351768449
082 _a425.76
_bBAK/OB
100 _aBakshi, S.P
_93076
245 _aObjective general english for all competitive exams
260 _aIndia
_bArihant publications
_c2000
300 _a776
942 _cBBS